000 00681nam a2200253Ia 4500
005 20250425161842.0
008 250425s9999 xx 000 0 und d
020 _a9505373929
041 _aspa
082 _a658
100 _aBIASCA, RODOLFO E.
245 0 _aRENOVACION INTENCIONAL: PROVOCANDO UN CAMBIO CERTERO EN LA EMPRESA PARA MEJORAR SUSTANCIALMENTE LOS RESULTADOS
250 _a1A ED.
260 _aArgentina
_bEDICCIONES MACCHI
_c1997
260 _aBUENOS AIRES
300 _a423
650 _aANALISIS (GENERAL)
650 _aEMPRESAS
650 _aESTRUCTURAS
650 _aMETODOLOGIA
650 _aMODELO-PROCESO
942 _c01
010 _a32347
999 _c217453
_d217453